| 000 | 01093nam a2200277Ia 4500 | ||
|---|---|---|---|
| 003 | OSt | ||
| 005 | 20221005110412.0 | ||
| 006 | a|||||r|||| 00| 0 | ||
| 007 | ta | ||
| 008 | 221004b |||||||| |||| 00| 0 hin d | ||
| 020 |
_a9789382114628 (hbk) _cINR 300.00 |
||
| 024 | _a42457 | ||
| 037 |
_bIN-2302, 14/03/2019, Kitab Ghar Prakashan _cTextual |
||
| 040 |
_aCRL _cCRL _bhin |
||
| 041 |
_2hin _ahin |
||
| 082 | _aQ8441wK66, 152Q7 | ||
| 100 |
_aसिंह, सत्येन्द्र पाल, ले. _9624107 |
||
| 245 | 0 | _aमहान गुरू गोबिंद सिंह | |
| 246 | _aMahān gurū gobianda sianha | ||
| 260 |
_aनई दिल्ली _bकिताबघर प्रकाशन भारत _c2017 |
||
| 300 |
_a167पृ0 _ccm. |
||
| 650 |
_a गुरू गोबिन्द सिंह _9624108 |
||
| 650 | _aसिख धर्म | ||
| 942 |
_hQ8441wK66, 152Q7 _cTEXL _2cc |
||
| 999 |
_c1018700 _d1018700 |
||